00770cam a22002171 4500001001300000003000400013005001700017008004100034010001700075035001900092040001800111042001200129050001500141110002900156245016500185260004700350300007100397650002400468710004300492999001700535e 23000079 DLC20260227111214.0760528s1923 xx 000 0 eng  ae 23000079  a(OCoLC)2200609 aDLCcOTUdDLC apremarc00aLA283b.G42 aGeneral Education Board.10aPublic education in Indiana.bReport of the Indiana education survey commission,cprepared under the direction of the commission by the General education board. aNew York,bGeneral education board,c1923. a 1 p. l., x, 304 p.bincl. tables, diagrs. front., plates.c20 cm. 0aEducationzIndiana.1 aIndiana.bEducation survey commission. c20598d20598